Разработка программ, предназнченных для сравнения двух текстов с использованием метода "дактилоскопии" и алгоритма "шинглов"; Молодежь и современные информационные технологии; Т. 1
| Parent link: | Молодежь и современные информационные технологии: сборник трудов XII Всероссийской научно-практической конференции студентов, аспирантов и молодых ученых, г. Томск, 12-14 ноября 2014 г./ Национальный исследовательский Томский политехнический университет (ТПУ), Институт кибернетики (ИК) ; ред. кол. Е. А. Сикора [и др.].— , 2014 Т. 1.— 2014.— [С. 311-312] |
|---|---|
| Autore principale: | |
| Ente Autore: | |
| Altri autori: | |
| Riassunto: | Заглавие с титульного экрана |
| Lingua: | russo |
| Pubblicazione: |
2014
|
| Serie: | Интеллектуальные и виртуальные системы |
| Soggetti: | |
| Accesso online: | http://earchive.tpu.ru/handle/11683/20142 http://www.lib.tpu.ru/fulltext/c/2014/C04/V1/147.pdf |
| Natura: | Elettronico Capitolo di libro |
| KOHA link: | https://koha.lib.tpu.ru/cgi-bin/koha/opac-detail.pl?biblionumber=610660 |
MARC
| LEADER | 00000naa2a2200000 4500 | ||
|---|---|---|---|
| 001 | 610660 | ||
| 005 | 20260428144637.0 | ||
| 035 | |a (RuTPU)RU\TPU\conf\8293 | ||
| 035 | |a RU\TPU\conf\8291 | ||
| 090 | |a 610660 | ||
| 100 | |a 20150202d2014 k y0rusy50 ca | ||
| 101 | 0 | |a rus | |
| 102 | |a RU | ||
| 135 | |a drcn ---uucaa | ||
| 181 | 0 | |a i | |
| 182 | 0 | |a b | |
| 200 | 1 | |a Разработка программ, предназнченных для сравнения двух текстов с использованием метода "дактилоскопии" и алгоритма "шинглов" |f Н. В. Тимошин, Г. И. Шкатова | |
| 203 | |a Текст |c электронный | ||
| 225 | 1 | |a Интеллектуальные и виртуальные системы | |
| 300 | |a Заглавие с титульного экрана | ||
| 320 | |a [Библиогр.: с. 312 (4 назв.)] | ||
| 337 | |a Adobe Reader | ||
| 461 | 1 | |0 (RuTPU)RU\TPU\conf\7802 |t Молодежь и современные информационные технологии |o сборник трудов XII Всероссийской научно-практической конференции студентов, аспирантов и молодых ученых, г. Томск, 12-14 ноября 2014 г. |o в 2 т. |f Национальный исследовательский Томский политехнический университет (ТПУ), Институт кибернетики (ИК) ; ред. кол. Е. А. Сикора [и др.] |d 2014 | |
| 463 | 0 | |0 (RuTPU)RU\TPU\conf\7790 |t Т. 1 |v [С. 311-312] |d 2014 | |
| 610 | 1 | |a труды учёных ТПУ | |
| 610 | 1 | |a электронный ресурс | |
| 610 | 1 | |a программы | |
| 610 | 1 | |a сравнения | |
| 610 | 1 | |a тексты | |
| 610 | 1 | |a дактилоскопия | |
| 610 | 1 | |a алгоритмы | |
| 610 | 1 | |a шинглы | |
| 700 | 1 | |a Тимошин |b Н. В. | |
| 701 | 1 | |a Шкатова |b Г. И. |c специалист в области прикладной математики |c доцент Томского политехнического университета, кандидат технических наук |f 1945- |g Галина Ивановна |3 (RuTPU)RU\TPU\pers\25415 | |
| 712 | 0 | 2 | |a Национальный исследовательский Томский политехнический университет (ТПУ) |b Институт кибернетики (ИК) |b Кафедра прикладной математики (ПМ) |3 (RuTPU)RU\TPU\col\18700 |
| 801 | 2 | |a RU |b 63413507 |c 20210319 |g RCR | |
| 856 | 4 | |u http://earchive.tpu.ru/handle/11683/20142 | |
| 856 | 4 | |u http://www.lib.tpu.ru/fulltext/c/2014/C04/V1/147.pdf | |
| 942 | |c BK | ||